| 000 | 00792 a2200193 4500 | ||
|---|---|---|---|
| 003 | Nust | ||
| 005 | 20221110130215.0 | ||
| 020 | _a0333994426 | ||
| 040 | _cNust | ||
| 082 | _a512.024,HOL | ||
| 100 |
_aHolden, K. _9102521 |
||
| 245 |
_aIntroductory mathmatics for economics and business / _cK. Holden and A.W. Pearson |
||
| 250 | _a2nd ed | ||
| 260 |
_aLondon _bMacmillion _c1992 |
||
| 300 | _a511p | ||
| 505 | _aLinear Equations (Page-1), Elementary Matrix Algebra (Page-43), Non-Linear Equations (Page-92), Series (Page-130), Differential Calculus (Page-165), Integral Calculus (Page-224), Partial Differentiation (Page-257), Linear Programming (Page-297), Differential Equation (Page-319), Difference Equations (Page-364). | ||
| 650 | _aMathematics | ||
| 942 |
_2ddc _cBK _k512.024,HOL |
||
| 999 |
_c176908 _d176908 |
||